Every LaLiga Goalscorer (2023/2024) - Statistics

General Stats
  • This quiz has been taken 224 times
    102 since last reset
  • The average score is 97 of 278
Answer Stats
TEAMS Player Goals % Correct
Real Madrid Vinicius 15
90%
Real Madrid Jude Bellingham 19
89%
Barcelona Robert Lewandowski 19
87%
Real Madrid Rodrygo 10
85%
Real Betis Willian Jose 10
84%
Athletic Bilbao Iñaki Williams 12
82%
Barcelona Lamine Yamal 5
82%
Real Madrid Luka Modric 2
82%
Athletic Bilbao Nico Williams 5
82%
Real Madrid Joselu 10
81%
Real Madrid Toni Kroos 1
79%
Atletico Madrid Antoine Griezmann 16
77%
Real Madrid Antonio Rudiger 1
77%
Real Madrid Dani Carvajal 4
77%
Barcelona Raphinha 6
77%
Girona Aleix Garcia 3
76%
Rayo Vallecano Alvaro Garcia 6
76%
Girona Eric Garcia 5
76%
Alaves Kike Garcia 3
76%
Athletic Bilbao Raul García 1
76%
Osasuna Raul García 6
76%
Real Madrid Aurelien Tchouameni 3
74%
Barcelona Ferran Torres 7
73%
Real Madrid Fran Garcia 1
73%
Osasuna Ruben Garcia 3
73%
Villarreal Alexander Sorloth 23
71%
Girona Artem Dovbyk 24
71%
Real Madrid Brahim Diaz 8
71%
Celta Iago Aspas 9
71%
Barcelona Pedri 4
71%
Athletic Bilbao Dani Garcia 1
69%
Barcelona Jules Kounde 1
69%
Real Sociedad Mikel Oyarzabal 9
69%
Osasuna Unai Garcia 1
69%
Atletico Madrid Alvaro Morata 15
66%
Celta Luca De La Torre 1
66%
Barcelona Ronald Araujo 1
66%
Osasuna Ante Budimir 17
65%
Real Madrid Arda Güler 6
65%
Real Madrid Fede Valverde 2
65%
Barcelona Fermin Lopez 8
65%
Barcelona Gavi 1
65%
Athletic Bilbao Oihan Sancet 4
63%
Mallorca Vedat Muriqi 7
63%
Real Betis Isco 8
61%
Las Palmas Julian Araujo 1
61%
Real Madrid Lucas Vazquez 3
61%
Atletico Madrid Marcos Llorente 6
61%
Getafe Borja Mayoral 15
60%
Girona David Lopez 3
60%
Valencia Diego Lopez 3
60%
Barcelona Frenkie de Jong 2
60%
Athletic Bilbao Gorka Guruzeta 14
60%
Girona Ivan Martín 5
60%
Atletico Madrid Samuel Lino 4
60%
Girona Savio 9
60%
Rayo Vallecano Unai Lopez 1
60%
Atletico Madrid Angel Correa 9
58%
Cadiz Roger Marti 2
58%
Girona Viktor Tsygankov 8
58%
Alaves Javi Lopez 1
55%
Real Sociedad Takefusa Kubo 7
55%
Villarreal Gerard Moreno 10
53%
Barcelona Ilkay Gundogan 5
53%
Real Sociedad Mikel Merino 5
53%
Almeria Luis Suarez 6
52%
Atletico Madrid Rodrigo De Paul 3
52%
Mallorca Dani Rodriguez 2
50%
Valencia Jesus Vazquez 1
50%
Real Sociedad Martin Zubimendi 4
50%
Real Sociedad Carlos Fernandez 2
48%
Cadiz Chris Ramos 5
48%
Girona Christian Stuani 9
48%
Valencia Hugo Duro 13
48%
Rayo Vallecano Isi Palazon 4
48%
Las Palmas Kirian Rodriguez 6
48%
Athletic Bilbao Unai Berenguer 7
48%
Athletic Bilbao Unai Gomez 2
47%
Villarreal Alberto Moreno 2
45%
Real Sociedad Brais Mendez 5
45%
Atletico Madrid Nahuel Molina 2
45%
Real Sociedad Robin Le Normand 2
45%
Atletico Madrid Rodrigo Riquelme 3
45%
Las Palmas Sandro 1
45%
Sevilla Sergio Ramos 3
45%
Las Palmas Alex Suarez 2
44%
Barcelona Andreas Christensen 2
44%
Real Betis Ayoze Perez 9
44%
Real Betis Guido Rodriguez 2
44%
Barcelona Joao Cancelo 2
44%
Barcelona Joao Felix 7
44%
Celta Jorgen Larsen 13
44%
Getafe Mason Greenwood 8
44%
Girona Miguel Gutierrez 2
44%
Athletic Bilbao Oscar De Marcos 1
44%
Getafe Oscar Rodriguez 2
44%
Cadiz Brian Ocampo 1
42%
Granada Bryan Zaragoza 6
42%
Villarreal Dani Parejo 3
42%
Sevilla Dodi Lukebakio 5
42%
Sevilla Isaac Romero 4
42%
Alaves Samu Omorodion 8
42%
Granada Samu Omorodion 1
42%
Sevilla Youssuf En-Nesyri 16
42%
Celta Carles Perez 1
40%
Valencia Javi Guerra 4
40%
Atletico Madrid Memphis Depay 5
40%
Almeria Sergio Arribas 9
40%
Girona Yangel Herrera 5
40%
Villarreal Alex Baena 2
39%
Valencia Fran Perez 1
39%
Rayo Vallecano Kike Perez 1
39%
Osasuna Moi Gomez 3
39%
Valencia Pepelu 7
39%
Barcelona Sergi Roberto 3
39%
Athletic Bilbao Aitor Paredes 1
37%
Mallorca Antonio Raillo 3
37%
Mallorca Sergi Darder 2
37%
Real Sociedad Umar Sadiq 3
37%
Girona Yan Couto 1
37%
Athletic Bilbao Yuri Berchiche 3
37%
Mallorca Antonio Sanchez 3
35%
Granada Bruno Mendez 2
35%
Las Palmas Christian Herrera 1
35%
Athletic Bilbao Iker Muniain 2
35%
Alaves Jon Guridi 3
35%
Sevilla Lucas Ocampos 4
35%
Almeria Luka Romero 3
35%
Real Betis Nabil Fekir 1
35%
Girona Portu 7
35%
Sevilla Rafa Mir 2
35%
Real Sociedad Andre Silva 3
34%
Alaves Carlos Vicente 2
34%
Girona Daley Blind 1
34%
Getafe Gaston Alvarez 2
34%
Celta Hugo Álvarez 1
34%
Granada Ricard Sanchez 3
34%
Villarreal Bertrand Traore 1
32%
Mallorca Cyle Larin 3
32%
Athletic Bilbao Iñigo Ruiz de Galarreta 1
32%
Granada Myrto Uzuni 11
32%
Real Betis William Carvalho 1
32%
Las Palmas Alberto Moleiro 3
31%
Real Sociedad Ander Barrenetxea 4
31%
Atletico Madrid Axel Witsel 2
31%
Sevilla Nemanja Gudelj 1
31%
Getafe Jaime Mata 5
29%
Alaves Luis Rioja 5
29%
Barcelona Marc Guiu 1
29%
Athletic Bilbao Mikel Vesga 3
29%
Mallorca Pablo Maffeo 1
29%
Villarreal Yerson Mosquera 2
29%
Mallorca Abdon Prats 6
27%
Celta Anastasios Douvikas 7
27%
Sevilla Marcos Acuña 1
27%
Las Palmas Munir 3
27%
Celta Oscar Mingueza 2
27%
Atletico Madrid Reinildo 2
27%
Rayo Vallecano Sergio Camello 3
27%
Osasuna Alejandro Catena 1
26%
Athletic Bilbao Asier Villalibre 2
26%
Osasuna Chimy Avila 1
26%
Real Betis Chimy Avila 1
26%
Alaves Giuliano Simeone 1
26%
Getafe Nemanja Maksimovic 4
26%
Rayo Vallecano Raul De Tomas 1
26%
Real Sociedad Sheraldo Becker 2
26%
Barcelona Vitor Roque 2
26%
Osasuna Aimar Oroz 2
24%
Almeria Edgar Gonzalez 2
24%
Mallorca Samu Costa 1
24%
Celta Williot Swedberg 5
24%
Alaves Ander Guevara 1
23%
Alaves Andoni Gorosabel 1
23%
Valencia Hugo Guillamon 1
23%
Osasuna Iker Muñoz 4
23%
Las Palmas Javi Muñoz 2
23%
Celta Jonathan Bamba 3
23%
Valencia Jose Gaya 1
23%
Almeria Largie Ramazani 3
23%
Las Palmas Marc Cardona 4
23%
Rayo Vallecano Radamel Falcao 1
23%
Villarreal Santi Comesaña 2
23%
Las Palmas Sergi Cardona 1
23%
Real Betis Abde 1
21%
Valencia Alberto Marí 1
21%
Rayo Vallecano Florian Lejeune 3
21%
Sevilla Ivan Rakitic 2
21%
Granada Lucas Boye 6
21%
Villarreal Juan Foyth 1
19%
Cadiz Juanmi 3
19%
Sevilla Suso 1
19%
Celta Unai Nuñez 1
19%
Mallorca Francisco Copete 1
18%
Mallorca Giovanni González 1
18%
Cadiz Javi Hernandez 1
18%
Osasuna Jon Moncayola 1
18%
Cadiz Luis Hernandez 1
18%
Real Betis Pablo Fornals 3
18%
Rayo Vallecano Abdul Mumin 1
16%
Real Sociedad Arsen Zakharyan 1
16%
Cadiz Darwin Machis 4
16%
Sevilla Djibril Sow 1
16%
Real Betis German Pezzella 1
16%
Osasuna Jesus Areso 1
16%
Valencia Roman Yaremchuk 3
16%
Alaves Ruben Duarte 2
16%
Sevilla Adria Pedrosa 1
15%
Getafe Carles Aleña 1
15%
Real Betis Johnny Cardoso 1
15%
Real Betis Juan Miranda 1
15%
Almeria Leo Baptistao 6
15%
Valencia Moukhtar Diakhaby 1
15%
Rayo Vallecano Oscar Valentin 1
15%
Rayo Vallecano Pathe Ciss 1
15%
Atletico Madrid Saul Ñiguez 1
15%
Real Betis Aitor Ruibal 2
13%
Valencia Andre Almeida 2
13%
Getafe Jaime Latasa 2
13%
Rayo Vallecano Jorge De Frutos 2
13%
Villarreal Jose Luis Morales 6
13%
Sevilla Kike Salas 3
13%
Osasuna Lucas Torró 1
13%
Las Palmas Saul Coco 1
13%
Las Palmas Sory Kaba 1
13%
Girona Valery 2
13%
Rayo Vallecano Bebé 2
11%
Sevilla Erik Lamela 2
11%
Villarreal Etienne Capoue 1
11%
Real Sociedad Jon Pacheco 1
11%
Real Betis Marc Roca 2
11%
Mallorca Matija Nastasic 2
11%
Osasuna Nacho Vidal 1
11%
Alaves Nahuel Tenaglia 1
11%
Rayo Vallecano Randy Nteka 1
11%
Cadiz Sergi Guardiola 1
11%
Alaves Aleksandar Sedlar 1
10%
Celta Eric Starfelt 1
10%
Las Palmas Jonathan Viera 2
10%
Getafe Jose Carmona 1
10%
Las Palmas Pejiño 2
10%
Valencia Sergi Canos 1
10%
Villarreal Alfonso Pedraza 1
8%
Granada Facundo Pellistri 2
8%
Villarreal Gonçalo Guedes 3
8%
Getafe Jesus Santiago 1
8%
Villarreal Jorge Cuenca 3
8%
Cadiz Ruben Alcaraz 3
8%
Alaves Abde Rebbach 1
6%
Alaves Francisco Benavidez 3
6%
Cadiz Gonzalo Escalante 1
6%
Osasuna Pablo Ibañez 1
6%
Rayo Vallecano Pep Chavarría 1
6%
Cadiz Robert Navarro 1
6%
Celta Tadeo Allende 1
6%
Real Betis Assane Diao 2
5%
Almeria Bruno Langa 1
5%
Villarreal Ilias Akhomach 2
5%
Osasuna Jose Arnaiz 2
5%
Las Palmas Juan Herzog 2
5%
Villarreal Aissa Mandi 1
3%
Las Palmas Benito 1
3%
Almeria Choco Lozano 3
3%
Cadiz Fede San Emeterio 1
3%
Almeria Gonzalo Melero 1
3%
Granada Ignasi Miquel 1
3%
Mallorca Javi Llabres 1
3%
Almeria Kaiky 1
3%
Cadiz Lucas Pires 1
3%
Almeria Marc Pubill 1
3%
Real Betis Sergi Altimira 1
3%
Almeria Sergio Akieme 2
3%
Almeria Adrian Embarba 3
2%
Granada Gonzalo Villar 1
2%
Granada Miguel Rubio 1
2%
Getafe Stefan Mitrovic 1
2%
Almeria Marko Milovanovic 1
0%
Granada Theo Corbeanu 1
0%
No matching quizzes found
Score Distribution
Percent of People with Each Score
Percentile by Number Answered
Your Score History
You have not taken this quiz since the last reset